00281pab a2200121 454500008004000000100001900040245002900059260000900088300001100097362001200108650001900120773002000139180718b1989 xxu||||| |||| 00| 0 eng d aHussain, Hamid aTeaching - writing Model c1989 a6-8,13 a24 Apr. aCommunications aUniversity News